01423cam a2200409Ma 4500003000900000005001700009008004100026020001500067020001800082035002700100040003300127082001800160245013000178264004900308300005600357336002100413337002500434338002300459490004400482504003400526505017600560526001000736526001000746526001000756526001000766526000800776526000800784526000800792526000800800526000800808526000800816526000800824630005400832630006900886700003000955700002800985PE-LiUPU20250731172847.0080722s2007 miua b 001 0 eng d a0310273331 a9780310273332 a(Sirsi) i9780310273332 aPE-LiUPUbspacPE-LiUPUerda00a220.6bT422200aThree views on the New Testament use of the Old Testament /cKenneth Berding, editor general, Jonathan Lunde, editor general. aGrand Rapids, Michigan. :bZondervan,c2007. a256 páginas :bilustraciones ;c21 centímetros. atext2rdacontent aunmediated2rdamedia avolume2rdacarrier1 aCounterpoints series. Bible & theology. aÍndice : páginas 244-256.0 aSingle meaning, unified referents / Walter C. Kaiser, Jr. -- Single meaning, multiple contexts and referents / Darrell L. Bock -- Fuller meaning, single goal / Peter Enns. aSEG42 aSEG41 aSEG40 aSEG39 aP94 aP87 aP86 aP85 aP77 aP76 aP3500aBiblia.pNuevo TestamentoxInterpretación, etc.00aBiblia.pNuevo TestamentoxRelación con el Antiguo testamento.1 aBerding, Kenneth.eeditor1 aLunde, Jonathan,d1960-